| 000 | 00420nam a2200145 a 4500 | ||
|---|---|---|---|
| 001 | 000030775 | ||
| 005 | 20200930062513.0 | ||
| 008 | 110530s1920 dr 000 p spa d | ||
| 040 |
_aDO-SdBNP _bspa _cBNPHU |
||
| 082 |
_axxxx _bS197l |
||
| 100 | 1 |
_aSanabia, Rafael Emilio _926438 |
|
| 245 | 1 | 0 |
_aLagrimas del silencio / _cRafael Emilio Sanabia. |
| 260 |
_aSanto Domingo : _bLa Conquista, _c1920. |
||
| 300 |
_a42 p. ; _c20 cm. |
||
| 999 |
_c30267 _d30267 |
||